Si esto es un hombre

Shranjeno v:
Bibliografske podrobnosti
Glavni avtor: Levi, Primo (Author)
Format: Knjiga
Jezik:španščina
Izdano: Barcelona Muchnik 1998
Serija:Personalia
Teme:
Oznake: Označite
Brez oznak, prvi označite!

MARC

LEADER 00000nam a2200000 a 4500
001 UCM0970
003 CL-VaPUC
008 020322e19980000SP |||||||||||||||||spa|d
082 0 4 |a 940.5317  |b LEV  |2 21 
100 |a Levi, Primo  |e author  |9 498610 
245 1 0 |a Si esto es un hombre 
300 |a 212 p 
942 |c BK 
945 |d 20020322 00:00:00  |a vberengu 
260 |a Barcelona  |b Muchnik  |c 1998 
650 0 |a Campos de concentración  |9 344322 
650 0 |a Prisioneros de guerra  |9 350908 
650 0 |a Segunda Guerra Mundial  |9 325982 
583 |a last modification  |c 20020322 00:00:00  |k Rodrigo Vera 
490 0 |a Personalia 
999 |c 299698  |d 299696 
952 |0 0  |1 1  |2 ddc  |4 0  |6 940_531700000000000_LEV_1998  |7 0  |8 A  |9 356577  |a BIBART  |b BIBART  |d 2019-11-21  |i 3724085  |l 1  |o 940.5317 LEV 1998  |p 3724085  |r 2021-08-05  |s 2020-07-23  |w 2019-11-21  |y BK  |k ART